000 00590nam a22002057a 4500
003 PILC
005 20150112093441.0
008 130227t xxu||||| |||| 00| 0 eng d
020 _a9789810698874
050 _aTX 820
_b.M478 2009
100 _aMcWilliams, Margaret.
245 _aFundamentals of meal management /
_cMargaret McWilliams
250 _a5th ed.
260 _aJurong, Singapore :
_bPearson Education South Asia,
_xyz2009.
300 _a326 pages :
_billustration ;
_c25 cm.
650 _a Food.
650 _aGrocery shopping.
650 _aNutrition.
942 _2lcc
_cBK
999 _c14762
_d14762